LEADER 00878nam0-22003131i-450- 001 990003872190403321 005 20080204085924.0 010 $a88-238-0645-3 035 $a000387219 035 $aFED01000387219 035 $a(Aleph)000387219FED01 035 $a000387219 100 $a20030910d--------km-y0itay50------ba 101 0 $aita 102 $aIT 200 1 $aIntroduzione all'economia monetaria internazionale$fBarbara Rindi. 210 $aMilano$cEGEA$d2000 610 0 $aPolitica monetaria internazionale 610 0 $aTassi di cambio$aTeoria 676 $aO/2.111 676 $aO/2.32 702 1$aRindi,$bBarbara$f<1960- > 801 0$aIT$bUNINA$gRICA$2UNIMARC 901 $aBK 912 $a990003872190403321 952 $aO/2.111 RIN$b19050$fSES 959 $aSES 996 $aIntroduzione all'economia monetaria internazionale$9516868 997 $aUNINA LEADER 01769nam 2200541I 450 001 9910704468903321 005 20130606135522.0 035 $a(CKB)5470000002441004 035 $a(OCoLC)846919468 035 $a(EXLCZ)995470000002441004 100 $a20130606d2012 ua 0 101 0 $aeng 135 $aurmn||||||||| 181 $ctxt$2rdacontent 182 $cc$2rdamedia 183 $acr$2rdacarrier 200 10$aFundamental investigation of silicon anode in lithium-ion cells /$fJames J. Wu and William R. Bennett 210 1$aCleveland, Ohio :$cNational Aeronautics and Space Administration, Glenn Research Center,$d2012. 215 $a1 online resource (11 pages) $cillustrations (some color) 225 1 $aNASA/TM ;$v2012-217739 300 $aTitle from title screen (viewed on June 6, 2013). 300 $a"October 2012." 320 $aIncludes bibliographical references (pages 10-11). 606 $aSilicon$2nasat 606 $aGraphite$2nasat 606 $aElectric batteries$2nasat 606 $aElectrochemical cells$2nasat 606 $aSolid electrolytes$2nasat 606 $aLithium$2nasat 606 $aImpedance$2nasat 606 $aLithium batteries$2nasat 615 7$aSilicon. 615 7$aGraphite. 615 7$aElectric batteries. 615 7$aElectrochemical cells. 615 7$aSolid electrolytes. 615 7$aLithium. 615 7$aImpedance. 615 7$aLithium batteries. 700 $aWu$b James J.$01420318 702 $aBennett$b William R. 712 02$aNASA Glenn Research Center, 801 0$bGPO 801 1$bGPO 906 $aBOOK 912 $a9910704468903321 996 $aFundamental investigation of silicon anode in lithium-ion cells$93537764 997 $aUNINA LEADER 03625oam 22004935 450 001 9910390855603321 005 20250610110247.0 010 $a3-030-28132-9 024 7 $a10.1007/978-3-030-28132-8 035 $a(CKB)5300000000003577 035 $a(MiAaPQ)EBC6129279 035 $a(DE-He213)978-3-030-28132-8 035 $a(MiAaPQ)EBC29092555 035 $a(EXLCZ)995300000000003577 100 $a20200304h20202020 uy 0 101 0 $aeng 135 $aurcnu|||||||| 181 $ctxt$2rdacontent 182 $cc$2rdamedia 183 $acr$2rdacarrier 200 14$aThe enigma of divine revelation $ebetween phenomenology and comparative theology /$fedited by Jean-Luc Marion, Christiaan Jacobs-Vandegeer 205 $a1st ed. 2020. 210 1$aCham :$cSpringer International Publishing :$cImprint: Springer,$d2020. 210 4$aŠ2020 215 $a1 online resource (300 pages) 225 1 $aContributions to Hermeneutics,$x2509-6087 ;$v7 311 08$a3-030-28131-0 327 $aPart I: Revelation and Givenness -- 1. Interpreting the Excess (Jean-Luc Marion) -- 2. On Givenness and Revelation: Reading Experience (Robyn Horner) -- 3. Revelation and the Kingdom (Kevin Hart) -- 4. Cyril of Alexandria and the Hermeneutics of the Body (William C. Hackett) -- Part II: Revelation and Understanding -- 5. Revelation and Authority (Sandra Schneiders) -- 6. Hermeneutics of Love: Moving Beyond the Hermeneutics of Revelation to the Hermeneutics of Signification (Werner Jeanrond) -- 7. Lonergan and Gadamer: Rethinking the Theological Foundations of Revelation (Frederick Lawrence) -- 8. Blue Eden: Water as a Window into Revelation (Michele Saracino) -- Part III: Revelation and Comparative Theology -- 9. From Hermeneutics to Revelation: How Hindu Methods of Reading Introduce Us to Revelation (Francis X. Clooney) -- 10. The Logic of Revelation (Peter Ochs) -- 11. The Qur?an on Reading the Qur?an: The Hermeneutics of Islamic Revelation (Maria Dakake) -- 12. The Power of Revelation: Overcoming Essentialism in Theological Configurations of Christianity and World Religions (Christiaan Jacobs-Vandegeer). 330 $aThis volume explores the possibilities and pressures of the language of revelation on human understanding. How can we critically account for divine self-disclosure in the linguistically mediated world of human concerns? Does the structure of interpretation limit the language of revelation? Does revelation open up new horizons of critical interpretation? The volume brings together theologians who approach the interactions of revelation and hermeneutics with different perspectives, including various forms of phenomenology and comparative theology. It approaches the theme of revelation ? central as it is to the theological endeavour ? from several angles rather than a single methodological program. Dealing as it does with revelation and understanding, the volume addresses the foundational issues at stake in the challenges around change, identity, and faithfulness currently facing the church. 410 0$aContributions to Hermeneutics,$x2509-6087 ;$v7 606 $aRevelation 606 $aTheophanies 615 0$aRevelation. 615 0$aTheophanies. 676 $a231.74 702 $aMarion$b Jean-Luc$f1946-$4edt$4http://id.loc.gov/vocabulary/relators/edt 702 $aJacobs-Vandegeer$b Christiaan$4edt$4http://id.loc.gov/vocabulary/relators/edt 801 0$bMiAaPQ 801 1$bMiAaPQ 801 2$bMiAaPQ 906 $aBOOK 912 $a9910390855603321 996 $aThe Enigma of Divine Revelation$92206129 997 $aUNINA